| 000 | nam a22 a 4500 | ||
|---|---|---|---|
| 999 |
_c56193 _d56193 |
||
| 005 | 20220708101123.0 | ||
| 008 | 180408b bul|||||r ||||||| ||bul|| | ||
| 040 | _aBLK | ||
| 041 |
_aBUL _cBUL |
||
| 080 |
_aДюля _b634.14 _z634.14 |
||
| 100 | 1 |
_aАнгелов, Тодор _eпърви автор _9369272 |
|
| 139 |
_aАнгелов, Тодор _bА 64 |
||
| 245 | 1 | 0 |
_aДюля _bМоногр. _cТодор Ангелов. |
| 250 | _a2. изд. | ||
| 257 | _aBGR | ||
| 260 |
_aПловдив _bХристо Г. Данов _c1970 |
||
| 300 |
_a123 с. _c20 см |
||
| 380 | _a63 | ||
| 650 | 4 |
_aДюля - агротехника _9154086 |
|
| 650 | 4 |
_aОвощни култури - справочници _9271927 |
|
| 653 | _aдюля | ||
| 653 | _aовощни култури | ||
| 653 | _aсемкови култури | ||
| 852 |
_aЦб 54148 _bЦб |
||
| 942 |
_cKNG _n0 _01 _s1 |
||
| 944 |
_aCR _c13.06.2004 _kВиолета_Тройчева |
||
| 944 |
_aED _c2022-07-08 _kКети |
||
| 999 | _d56193 | ||